| 000 | 00555nam a2200145Ia 4500 | ||
|---|---|---|---|
| 008 | 171212s9999 xx 000 0 und d | ||
| 020 | _a9781921862953 | ||
| 100 | _aCahir, Fred | ||
| 245 |
_cCahir, Fred _aBlack Gold _bAboriginal People on the Goldfields of Victoria, 1850-1870 |
||
| 260 |
_bANU E Press _c2012 |
||
| 440 | _aAboriginal History Monographs | ||
| 650 | _aGold mines and mining -- Victoria -- 1851-1891; Aboriginal Australians -- Victoria -- History -- 19th century | ||
| 650 | _aHistory | ||
| 856 | _uwww.jstor.org/stable/10.2307/j.ctt24hcsc | ||
| 999 |
_c351012 _d351012 |
||